00321nam a2200121Ia 4500008004100000041000800041082001500049100001800064245004500082260003500127300003000162365000700192240624s9999 xx 000 0 und d aeng a158.72 GRY aGRYNA FRANK M aWORK OVERLOAD REDESIGNING JOBS TO MINIMI c2005aNew DelhibPearson Power axv, : 216 : p. : cm. ; 23 cRS